000 00460nam a2200169Ia 4500
003 GCL
008 140319s9999 xx 000 0 ara d
040 _aGCL /
_cGCL
082 0 4 _a813.6
_bا ح
245 1 0 _aحكايات الزمن الضائع فى قرية مصرية
260 _a[S.N] :
_bدار المستقبل العربى ،
_c1983
300 _a121ص
490 _a
650 0 4 _aالقصص العربية
650 0 4 _aمصر
942 _2ddc
_cBK
999 _c56287
_d56287